Widok standardowy
Widok MARC
Pozycja Personal Name
Liczba rekordów, w których użyto hasła: 1
001 - Numer kontrolny
- control field: 40779
003 - Identyfikator numeru kontrolnego
- control field: NUKAT
005 - Data i czas ostatniej modyfikacji
- control field: 20260428110758.0
008 - Dane kontrolne kodowane (40 znaków)
- fixed length control field: 000608n||a|znnaabn |a aaa |c
010 ## - Numer kontrolny Biblioteki Kongresu
- numer kontrolny LC: n 00093445
024 7# - OTHER STANDARD IDENTIFIER
- Standard number or code: 162603350
- Source of number or code: viaf
024 7# - OTHER STANDARD IDENTIFIER
- Standard number or code: 0000000111768283
- Source of number or code: isni
024 7# - OTHER STANDARD IDENTIFIER
- Standard number or code: Q106675450
- Source of number or code: wikidata
040 ## - Instytucja sporządzająca rekord
- inst. przygot. dane do rek. khw: KR U/HW
- język haseł przedmiotowych/tezaurus: kaba
- inst. wprow. rek. khw: KR U/HW
043 ## - Kod obszaru geograficznego
- ISO code: PL
046 ## - Special dates
- Birth date: 1981
100 1# - Hasło - nazwa osobowa
- nazwa osobowa w formie ujednoliconej: Kowalik, Szczepan
- daty biograficzne: (1981- ).
374 ## - Occupation
- Occupation: Duchowieństwo katolickie
374 ## - Occupation
- Occupation: Historycy
375 ## - Gender
- Gender: 1
- Source of term: iso5218
377 ## - Assoc lang
- Lang code: pol
670 ## - Źródło informacji
- źródło informacji: Kp. Ksiądz Roman Kotlarz : życie i działalność 1928-1976 / Szczepan Kowalik, Jarosław Sakowicz. - Radom, 2000.
675 ## - Źródło nie podające informacji
- wskazanie źródła: NP'1997/98 Duch. - 1992